000 00729nam a2200229 a 4500
001 13293
003 BD-JhCC
005 20230809115313.0
008 171024s2021 bg a|||| ||a| 000 0 ben d
020 _a9789849441373
035 _a(BD-JhCC)13293
040 _aBD-JhCC
_dBD-JhCC
041 _abengali
082 _a891.4435
_bSCH 2021
245 _aস্কুলের গল্প /
_cসম্পা: সরকার আবদুল মান্নান।
260 _aঢাকা :
_bরেনেসাঁ প্রকাশন;
_c2021.
300 _a272 p. :
_c21 cm.
650 _aBengali Short Stories
700 _a মান্নান, সরকার আবদুল
942 _2ddc
_cBK
_01
999 _c13293
_d13293